मंगलसूत्र / (Record no. 116143)

MARC details
000 -LEADER
fixed length control field 01320nam a22002897a 4500
003 - CONTROL NUMBER IDENTIFIER
control field dpl
005 - DATE AND TIME OF LATEST TRANSACTION
control field 20180906142521.0
008 - FIXED-LENGTH DATA ELEMENTS--GENERAL INFORMATION
fixed length control field 180906b xxu||||| |||| 00| 0 eng d
010 ## - LIBRARY OF CONGRESS CONTROL NUMBER
LC control number A-484568
020 ## - INTERNATIONAL STANDARD BOOK NUMBER
Terms of availability 75.00
International Standard Book Number 812630118
035 ## - SYSTEM CONTROL NUMBER
System control number B-014284, A-484568
037 ## - SOURCE OF ACQUISITION
Source of stock number/acquisition Cen Lib/Ret
040 ## - CATALOGING SOURCE
Original cataloging agency DPL
Language of cataloging HN
Transcribing agency 0
082 ## - DEWEY DECIMAL CLASSIFICATION NUMBER
Classification number
Item number पिल्लैत
100 ## - MAIN ENTRY--PERSONAL NAME
Personal name पिल्लै, तकषी शिवशंकर
9 (RLIN) 65032
245 ## - TITLE STATEMENT
Title मंगलसूत्र /
Statement of responsibility, etc तकषी शिवशंकर पिल्लै; संपादक वी.डी. कृष्णन नम्पियर
246 ## - VARYING FORM OF TITLE
Title proper/short title Mangalsutra /
Remainder of title by Takazhi S. Pillai; sampadak V.D. Krishnan Nampiyar
260 ## - PUBLICATION, DISTRIBUTION, ETC. (IMPRINT)
Place of publication, distribution, etc नयी दिल्ली
Name of publisher, distributor, etc भारतीय ज्ञानपीठ
Date of publication, distribution, etc 1999
270 ## - ADDRESS
Address 18, इंस्टीट्युशनल एरिया, लोधी रोड
City नयी दिल्ली
Postal code 110003
300 ## - PHYSICAL DESCRIPTION
Extent xii, 226पृ.
Dimensions 21सेमी (सजिल्द)
650 ## - SUBJECT ADDED ENTRY--TOPICAL TERM
Topical term or geographic name as entry element मलयालम साहित्य
9 (RLIN) 65033
650 ## - SUBJECT ADDED ENTRY--TOPICAL TERM
Topical term or geographic name as entry element कहानियां
9 (RLIN) 65034
650 ## - SUBJECT ADDED ENTRY--TOPICAL TERM
Topical term or geographic name as entry element Malyalam literature
9 (RLIN) 24277
650 ## - SUBJECT ADDED ENTRY--TOPICAL TERM
Topical term or geographic name as entry element Stories
9 (RLIN) 7500
700 ## - ADDED ENTRY--PERSONAL NAME
Personal name नम्पियर, वी.डी. कृष्णन
9 (RLIN) 65035
942 ## - ADDED ENTRY ELEMENTS (KOHA)
Source of classification or shelving scheme Dewey Decimal Classification
Koha item type Hindi Books
Classification part
Call number suffix पिल्लैत
Holdings
Withdrawn status Lost status Damaged status Not for loan Home library Current library Date acquired Source of acquisition Cost, normal purchase price Total Checkouts Full call number Barcode Date last seen Copy number Cost, replacement price Price effective from Koha item type Source of classification or shelving scheme Collection code Date checked out
        Central Library Central Library 22/08/2015 Cen Lib/Ret 150.00   उ पिल्लैत B-014284 19/12/2017 1 150.00 22/08/2015 Hindi Books      
        Shahdara Branch Shahdara Branch 06/09/2018 BPPD/PUB 75.00 2 क पिल्लैत A-484568 28/07/2025   75.00 06/09/2018 Hindi Books Dewey Decimal Classification Fiction 14/07/2025

© Delhi Public Library
Hit Counter
free hit counter